[Event "NJ Jeugd Bj"]
[Site "Assen"]
[Date "2017.04.22"]
[Round "1.9"]
[White "Kanbier, Guy"]
[Black "Klein, Jorik"]
[Result "0-1"]
[WhiteElo "1214"]
[BlackElo "1905"]
[PlyCount "78"]
[EventDate "2017.??.??"]

1. c4 Nf6 2. Nc3 g6 3. Nf3 Bg7 4. g3 O-O 5. Bg2 d6 6. O-O e5 7. d4 Nc6 8. d5
Ne7 9. Be3 Ng4 10. Qc1 f5 11. h3 Nxe3 12. fxe3 Bh6 13. Nh2 g5 14. Nd1 Ng6 15.
a3 Qe8 16. Nc3 Bd7 17. a4 Qc8 18. b4 a5 19. b5 b6 20. Qd2 g4 21. hxg4 f4 22.
exf4 exf4 23. gxf4 Bxf4 24. Qd4 Be5 25. Qe3 Nf4 26. Rab1 Bxg4 27. Ne4 Bd4 28.
Nf6+ Rxf6 29. Qxd4 Nxe2+ 30. Kh1 Rxf1+ 31. Rxf1 Nxd4 32. Rf4 Bf3 33. Nxf3 Nxf3
34. Rxf3 Qg4 35. Kh2 Kh8 36. Rg3 Qf4 37. Kh3 Qh6+ 38. Kg4 Rg8+ 39. Kf3 Qf6+ 0-1

[Event "NJ Jeugd Bj"]
[Site "Assen"]
[Date "2017.04.22"]
[Round "1.10"]
[White "Omota, Vlad"]
[Black "Joosse, Xander"]
[Result "1-0"]
[WhiteElo "1895"]
[BlackElo "1167"]
[PlyCount "51"]
[EventDate "2017.??.??"]

1. e4 e5 2. Nf3 Nc6 3. Bc4 Bc5 4. d3 Nf6 5. Nc3 O-O 6. Bg5 h6 7. Be3 Bb4 8. Qd2
Ng4 9. a3 Be7 10. h3 Nxe3 11. Qxe3 d6 12. Nd5 Be6 13. O-O-O Bxd5 14. Bxd5 Qc8
15. Kb1 Bf6 16. Rdg1 Ne7 17. Ba2 c6 18. g4 d5 19. h4 d4 20. Qc1 Ng6 21. g5 Be7
22. gxh6 Bf6 23. Rxg6 Kh7 24. hxg7 fxg6 25. gxf8=Q Qxf8 26. h5 1-0

[Event "NJ Jeugd Bj"]
[Site "Assen"]
[Date "2017.04.22"]
[Round "1.11"]
[White "Eelsingh, Janko"]
[Black "Reichardt, Robin"]
[Result "0-1"]
[WhiteElo "1093"]
[BlackElo "1855"]
[PlyCount "58"]
[EventDate "2017.??.??"]

1. e4 e5 2. Nf3 Nc6 3. Bc4 Nf6 4. Ng5 d5 5. exd5 Na5 6. Bb5+ c6 7. dxc6 bxc6 8.
Be2 h6 9. Nf3 e4 10. Ne5 Bc5 11. O-O O-O 12. Nc3 Qc7 13. Ng4 Nxg4 14. Bxg4 f5
15. Be2 Bd6 16. g3 Be6 17. d3 Rad8 18. Be3 f4 19. gxf4 Bxf4 20. Bxf4 Rxf4 21.
Nxe4 Rxe4 22. dxe4 Rxd1 23. Raxd1 Nc4 24. b3 Ne5 25. f3 Qe7 26. Kh1 Ng6 27. Rg1
Nf4 28. Bf1 Qc5 29. c4 Qf2 0-1

[Event "NJ Jeugd Bj"]
[Site "Assen"]
[Date "2017.04.24"]
[Round "2.1"]
[White "Bekedam, Tyro"]
[Black "Nguyen, Kevin"]
[Result "1/2-1/2"]
[WhiteElo "2004"]
[BlackElo "2143"]
[PlyCount "74"]
[EventDate "2017.??.??"]

1. e4 c5 2. Nf3 d6 3. d4 Nf6 4. Nc3 cxd4 5. Nxd4 g6 6. Be3 Bg7 7. f3 Nc6 8. Qd2
O-O 9. O-O-O d5 10. Nxc6 bxc6 11. exd5 Nxd5 12. Nxd5 cxd5 13. Qxd5 Qc7 14. Qc5
Qb7 15. Qa3 Rb8 16. c3 Be6 17. Bd3 a5 18. Rhe1 Be5 19. Bc5 Bf4+ 20. Kb1 Rfc8
21. Re2 Qd5 22. Bd4 Rc7 23. Be4 Qb5 24. Bd3 Bf5 25. Kc2 a4 26. b3 Rd8 27. Rxe7
Bd6 28. Qxd6 Rxd6 29. Rxc7 axb3+ 30. axb3 Qa5 31. Ra7 Ra6 32. Rxa6 Bxd3+ 33.
Rxd3 Qxa6 34. c4 f5 35. Bc3 Qa2+ 36. Bb2 Qa7 37. Bd4 Qa5 1/2-1/2

[Event "NJ Jeugd Bj"]
[Site "Assen"]
[Date "2017.04.24"]
[Round "2.2"]
[White "Wedda, Dries"]
[Black "Dijkhuis, Oele"]
[Result "1/2-1/2"]
[WhiteElo "2079"]
[BlackElo "1944"]
[PlyCount "50"]
[EventDate "2017.??.??"]

1. d4 Nf6 2. c4 g6 3. Nc3 Bg7 4. e4 d6 5. Nge2 O-O 6. f3 c5 7. d5 Nbd7 8. Ng3
h5 9. Be2 Nh7 10. O-O Bd4+ 11. Rf2 Bxf2+ 12. Kxf2 h4 13. Nf1 g5 14. Be3 Ne5 15.
Qd2 f6 16. g4 Rf7 17. h3 Ng6 18. a4 Nhf8 19. Qc1 Nd7 20. Nd2 Nde5 21. Ndb1 Qb6
22. Qc2 Bd7 23. Na3 Raf8 24. Kg2 a6 25. b3 Rg7 1/2-1/2

[Event "NJ Jeugd Bj"]
[Site "Assen"]
[Date "2017.04.24"]
[Round "2.3"]
[White "Klein, Jorik"]
[Black "Kouwenhoven, Derk"]
[Result "0-1"]
[WhiteElo "1905"]
[BlackElo "2077"]
[PlyCount "106"]
[EventDate "2017.??.??"]

1. e4 e5 2. Nf3 Nc6 3. Bc4 Bc5 4. d3 Nf6 5. O-O a6 6. c3 Ba7 7. Nbd2 d6 8. b4
a5 9. b5 Ne7 10. Re1 Ng6 11. Nf1 O-O 12. a4 h6 13. Ne3 Re8 14. Qb3 Be6 15. Bxe6
fxe6 16. Nc4 Nd7 17. Be3 Bxe3 18. Nxe3 Nf4 19. Rad1 Qf6 20. d4 Rf8 21. dxe5
Nxe5 22. Nxe5 Qxe5 23. f3 Rf7 24. Qc4 Raf8 25. Qd4 Qg5 26. Rd2 b6 27. Qc4 d5
28. exd5 exd5 29. Qd4 Re8 30. Nc2 Rxe1+ 31. Nxe1 Re7 32. Kf1 Qf5 33. Nd3 Ng6
34. Re2 Rxe2 35. Kxe2 Kh7 36. Qg4 Qf6 37. Qd4 Qd6 38. g3 c5 39. bxc6 Qxc6 40.
Nf4 Nxf4+ 41. Qxf4 Qe6+ 42. Kd3 Qc6 43. Kd2 Qc5 44. Kd3 b5 45. axb5 Qxb5+ 46.
Ke3 Kg8 47. Qe5 a4 48. Qe6+ Kf8 49. Qc8+ Qe8+ 50. Qxe8+ Kxe8 51. Kd3 Kd7 52.
Kc2 Kd6 53. Kb2 Kc5 0-1

[Event "NJ Jeugd Bj"]
[Site "Assen"]
[Date "2017.04.24"]
[Round "2.4"]
[White "Tang, Charlie"]
[Black "Omota, Vlad"]
[Result "1-0"]
[WhiteElo "2041"]
[BlackElo "1895"]
[PlyCount "95"]
[EventDate "2017.??.??"]

1. e4 e6 2. d4 d5 3. Nc3 Bb4 4. e5 c5 5. a3 Bxc3+ 6. bxc3 Qc7 7. Qg4 f5 8. Qh5+
g6 9. Qd1 Nc6 10. Nf3 Bd7 11. h4 h6 12. Be3 c4 13. Qd2 O-O-O 14. g3 Rf8 15. Bg2
Nd8 16. O-O Bc6 17. Rfb1 Qg7 18. a4 Ne7 19. Qc1 Kc7 20. Qa3 Nc8 21. a5 Qe7 22.
Qc1 Nf7 23. Qa3 Qxa3 24. Rxa3 a6 25. Raa1 Na7 26. Bc1 Nb5 27. Ba3 Nxa3 28. Rxa3
Bb5 29. Nd2 Rb8 30. f4 b6 31. Kf2 bxa5 32. Rxa5 Kb6 33. Ra2 Nd8 34. Bf3 h5 35.
Ke2 Rh7 36. Kd1 Rhb7 37. Kc1 Ra7 38. Rbb2 a5 39. Rxb5+ Kxb5 40. Rb2+ Kc6 41.
Rxb8 Kc7 42. Rb2 Ra6 43. Nb1 Nc6 44. Na3 Na7 45. Kb1 Rb6 46. Rxb6 Kxb6 47. Kb2
Ka6 48. Be2 1-0

[Event "NJ Jeugd Bj"]
[Site "Assen"]
[Date "2017.04.24"]
[Round "2.5"]
[White "Reichardt, Robin"]
[Black "Van Randtwijk, Mick"]
[Result "0-1"]
[WhiteElo "1855"]
[BlackElo "2014"]
[PlyCount "112"]
[EventDate "2017.??.??"]

1. d4 Nf6 2. c4 e6 3. Nc3 Bb4 4. e3 O-O 5. Bd3 d6 6. Nf3 b6 7. O-O Bb7 8. Re1
c5 9. Bd2 Nbd7 10. a3 Bxc3 11. Bxc3 Ne4 12. Bxe4 Bxe4 13. Nd2 Bb7 14. e4 cxd4
15. Bxd4 d5 16. cxd5 exd5 17. exd5 Bxd5 18. Qg4 Nf6 19. Qg5 h6 20. Bxf6 hxg5
21. Bxd8 Rfxd8 22. Nf1 Be6 23. Rac1 Rac8 24. h3 Kf8 25. Ne3 Rxc1 26. Rxc1 Rd2
27. Rc2 Rxc2 28. Nxc2 Ke7 29. Kf1 Kd6 30. Ke2 Kc5 31. Kd3 Bf5+ 32. Kc3 Bxc2 33.
Kxc2 Kc4 34. b3+ Kd4 35. Kd2 b5 36. Kc2 a5 37. Kd2 a4 38. Kc2 f5 39. bxa4 bxa4
40. Kd2 Kc4 41. Kc2 f4 42. Kd2 Kb3 43. Kd3 Kxa3 44. Kc3 f3 45. gxf3 g6 46. Kd4
Kb3 47. Ke5 a3 48. Kf6 a2 49. Kxg6 a1=Q 50. Kxg5 Qh1 51. h4 Qxf3 52. h5 Qg2+
53. Kf6 Qxf2+ 54. Kg7 Qg3+ 55. Kh7 Qg5 56. h6 Kc4 0-1

[Event "NJ Jeugd Bj"]
[Site "Assen"]
[Date "2017.04.24"]
[Round "2.6"]
[White "Kokje, Joris"]
[Black "Emans, Job"]
[Result "1-0"]
[WhiteElo "2187"]
[BlackElo "1734"]
[PlyCount "83"]
[EventDate "2017.??.??"]

1. d4 d5 2. c4 c6 3. Nf3 Nf6 4. g3 e6 5. Bg2 Nbd7 6. O-O Be7 7. Nfd2 O-O 8. Nc3
b6 9. Re1 Bb7 10. e4 dxe4 11. Ndxe4 Qc8 12. Bf4 Rd8 13. Nd6 Bxd6 14. Bxd6 c5
15. d5 Nf8 16. Be7 Rd7 17. Bxf6 gxf6 18. Qg4+ Kh8 19. Rad1 Ng6 20. h4 Ne5 21.
Qf4 Kg7 22. Ne4 Qd8 23. Nxf6 Qxf6 24. Qxe5 Rad8 25. f4 exd5 26. Bxd5 Bxd5 27.
Rxd5 Rd6 28. Kf2 R8d7 29. Kf3 Re6 30. Qxf6+ Kxf6 31. Rxe6+ Kxe6 32. f5+ Ke7 33.
Rxd7+ Kxd7 34. g4 h6 35. Ke4 Kd6 36. g5 h5 37. Kf4 a6 38. a4 Ke7 39. Ke5 f6+
40. Kf4 Kf7 41. g6+ Ke7 42. Ke4 1-0

[Event "NJ Jeugd Bj"]
[Site "Assen"]
[Date "2017.04.24"]
[Round "2.7"]
[White "Gijsen, William"]
[Black "Baselmans, Luuk"]
[Result "0-1"]
[WhiteElo "1799"]
[BlackElo "1838"]
[PlyCount "72"]
[EventDate "2017.??.??"]

1. e4 e6 2. d4 d5 3. Nd2 Nf6 4. Bd3 c5 5. dxc5 Bxc5 6. Nb3 Bb6 7. e5 Nfd7 8.
Nf3 Nc6 9. Qe2 Qc7 10. Bf4 Nb4 11. O-O Nxd3 12. cxd3 Nb8 13. Nbd4 a6 14. Rac1
Nc6 15. Qd2 Bd7 16. b4 Qb8 17. Nb3 Ne7 18. d4 O-O 19. h4 Bb5 20. Rfe1 Nc6 21.
h5 Bc4 22. Nc5 Qc7 23. Bh6 gxh6 24. Qxh6 Qe7 25. Ng5 f6 26. Ngxe6 Bxc5 27. Re3
Rf7 28. Rg3+ Kh8 29. Rg7 Rxg7 30. exf6 Rxg2+ 31. Kxg2 Rg8+ 32. Ng5 Qe4+ 33. f3
Qf5 34. f4 Qg4+ 35. Kh1 Rxg5 36. fxg5 Qh3+ 0-1

[Event "NJ Jeugd Bj"]
[Site "Assen"]
[Date "2017.04.24"]
[Round "2.8"]
[White "Post, Jesper"]
[Black "Kanbier, Guy"]
[Result "1-0"]
[WhiteElo "1694"]
[BlackElo "1214"]
[PlyCount "91"]
[EventDate "2017.??.??"]

1. d4 d5 2. c4 dxc4 3. e3 Nf6 4. Nc3 e6 5. Bxc4 Nc6 6. Nf3 Bb4 7. O-O O-O 8.
Re1 a6 9. e4 h6 10. Qd3 b5 11. Bb3 Bc5 12. e5 Bxd4 13. Nxd4 Nxd4 14. Rd1 c5 15.
exf6 Qxf6 16. Ne4 Qe5 17. Nxc5 Rd8 18. Qe4 Qxc5 19. Qxa8 Ne2+ 20. Kf1 Rxd1+ 21.
Bxd1 Nxc1 22. Qe4 f5 23. Qc2 Qf8 24. Rxc1 Bb7 25. Qc7 Bd5 26. Qc8 Bc4+ 27. Rxc4
bxc4 28. Qxf8+ Kxf8 29. Be2 a5 30. Bxc4 Ke7 31. Ke2 e5 32. a3 Kd6 33. b4 axb4
34. axb4 Kc6 35. Ke3 g5 36. Be6 Kb5 37. Bxf5 Kxb4 38. Ke4 Kc3 39. Kxe5 Kd2 40.
Be4 Ke2 41. f4 gxf4 42. Kxf4 Kf2 43. g4 Ke2 44. h4 Kf2 45. g5 hxg5+ 46. hxg5
1-0

[Event "NJ Jeugd Bj"]
[Site "Assen"]
[Date "2017.04.24"]
[Round "2.9"]
[White "Kanger, Thomas"]
[Black "Ypma, Jord"]
[Result "0-1"]
[WhiteElo "1382"]
[BlackElo "1542"]
[PlyCount "84"]
[EventDate "2017.??.??"]

1. d4 d5 2. c4 c6 3. Nc3 Nf6 4. Nf3 dxc4 5. e4 b5 6. a4 b4 7. Na2 Nxe4 8. Bxc4
a5 9. Bf4 e6 10. Qd3 Nd6 11. O-O Nxc4 12. Bxb8 Ba6 13. Qc2 Rxb8 14. b3 Qc7 15.
bxc4 b3 16. Qc3 bxa2 17. Rxa2 Bb4 18. Qc2 O-O 19. Ng5 g6 20. Ne4 f5 21. Ng5
Rbe8 22. Qb3 h6 23. Nf3 Kh7 24. Rc1 c5 25. Re2 cxd4 26. Nxd4 e5 27. Nb5 Bxb5
28. axb5 e4 29. Rec2 Qc5 30. Kf1 Rd8 31. h3 Rd7 32. Re2 Rfd8 33. g3 Rd2 34. Rc2
Rd1+ 35. Kg2 Ra1 36. Ra2 Rd3 37. Qc2 Rad1 38. h4 R1d2 39. Qc1 Rxa2 40. Rxa2 e3
41. Kf1 Rc3 42. Rc2 Qxc4+ 0-1

[Event "NJ Jeugd Bj"]
[Site "Assen"]
[Date "2017.04.24"]
[Round "2.11"]
[White "Joosse, Xander"]
[Black "Ten Have, Dimitri"]
[Result "0-1"]
[WhiteElo "1167"]
[BlackElo "1396"]
[PlyCount "98"]
[EventDate "2017.??.??"]

1. d4 Nf6 2. c4 e6 3. Nf3 d5 4. Bg5 Be7 5. e3 O-O 6. Nc3 Nbd7 7. cxd5 exd5 8.
Bd3 b6 9. O-O Bb7 10. Rc1 Rc8 11. Bxf6 Nxf6 12. Bf5 Ra8 13. Ne5 c5 14. Nf3 Re8
15. Re1 Bd6 16. Nb5 Bf8 17. Qc2 a6 18. Nc3 g6 19. Bh3 c4 20. b3 b5 21. Nd2 Bc8
22. Bxc8 Rxc8 23. e4 b4 24. Nxd5 Nxd5 25. exd5 c3 26. Rxe8 Qxe8 27. Ne4 Qd8 28.
Rd1 Be7 29. d6 Bxd6 30. Nxd6 Qxd6 31. g3 Rd8 32. Qd3 Qc5 33. Qc4 Qxc4 34. bxc4
Rxd4 35. Rc1 Rxc4 36. Kf1 Rd4 37. Rc2 f5 38. Ke2 a5 39. Ke3 Rd5 40. f3 Kf7 41.
f4 Ke6 42. a3 Kd6 43. axb4 axb4 44. h4 Kc5 45. g4 Kc4 46. Ra2 Rd3+ 47. Ke2 Rd2+
48. Rxd2 cxd2 49. Kxd2 fxg4 0-1

[Event "NJ Jeugd Bj"]
[Site "Assen"]
[Date "2017.04.24"]
[Round "3.1"]
[White "Kouwenhoven, Derk"]
[Black "Tang, Charlie"]
[Result "1/2-1/2"]
[WhiteElo "2077"]
[BlackElo "2041"]
[PlyCount "87"]
[EventDate "2017.??.??"]

1. e4 e6 2. d4 d5 3. Nd2 Nf6 4. e5 Nfd7 5. Bd3 c5 6. c3 Nc6 7. Ngf3 Be7 8. O-O
g5 9. h3 h5 10. dxc5 g4 11. hxg4 hxg4 12. Nd4 Ncxe5 13. Bb5 Bxc5 14. g3 a6 15.
Be2 Qg5 16. N2f3 Nxf3+ 17. Nxf3 Qh5 18. Nh4 Nf6 19. Qa4+ Bd7 20. Qf4 Be7 21.
Kg2 e5 22. Qe3 Bc6 23. f3 Nd7 24. Rh1 d4 25. cxd4 exd4 26. Qf4 Ne5 27. Bd2
gxf3+ 28. Nxf3 Ng6 29. Qxd4 Rd8 30. Rxh5 Rxd4 31. Rxh8+ Nxh8 32. Bc3 Re4 33.
Kf1 Ng6 34. Nd4 Bd5 35. Bf3 Re5 36. Bxd5 Rxd5 37. Re1 Kd7 38. Kg2 Bf6 39. Ne2
Bxc3 40. Nxc3 Rd2+ 41. Re2 Rxe2+ 42. Nxe2 Ne5 43. Nf4 Kd6 44. Kf2 1/2-1/2

[Event "NJ Jeugd Bj"]
[Site "Assen"]
[Date "2017.04.24"]
[Round "3.2"]
[White "Van Randtwijk, Mick"]
[Black "Kokje, Joris"]
[Result "1/2-1/2"]
[WhiteElo "2014"]
[BlackElo "2187"]
[PlyCount "81"]
[EventDate "2017.??.??"]

1. e4 c5 2. Nf3 d6 3. d4 cxd4 4. Nxd4 Nf6 5. Nc3 a6 6. Be3 e5 7. Nf3 Be7 8. Bc4
O-O 9. O-O Qc7 10. Bb3 Be6 11. Nh4 g6 12. Bh6 Re8 13. Nf3 Nbd7 14. Ng5 Bxb3 15.
axb3 Nc5 16. Qf3 Ne6 17. Nd5 Qd8 18. c3 Nc7 19. Nb6 Rb8 20. Rad1 Bf8 21. Nd7
Qxd7 22. Bxf8 Rxf8 23. Qxf6 Rbd8 24. Rd3 Ne6 25. Nxh7 Nf4 26. Qxf4 exf4 27.
Nf6+ Kg7 28. Nxd7 Rxd7 29. e5 d5 30. Rfd1 Rfd8 31. Rd4 g5 32. c4 Re7 33. Rxd5
Rde8 34. Re1 Kg6 35. Rd6+ Re6 36. Kf1 Kf5 37. f3 R8e7 38. Rd5 b6 39. Rd6 a5 40.
Red1 Kxe5 41. Rxe6+ 1/2-1/2

[Event "NJ Jeugd Bj"]
[Site "Assen"]
[Date "2017.04.24"]
[Round "3.3"]
[White "Nguyen, Kevin"]
[Black "Wedda, Dries"]
[Result "0-1"]
[WhiteElo "2143"]
[BlackElo "2079"]
[PlyCount "44"]
[EventDate "2017.??.??"]

1. e4 c5 2. Nc3 d6 3. f4 g6 4. Nf3 Bg7 5. d3 Nc6 6. h3 e6 7. g3 Nge7 8. Bg2 O-O
9. O-O a6 10. Qe1 b5 11. g4 f5 12. Qh4 Bd7 13. a4 Nd4 14. axb5 Nxc2 15. Rxa6
Rxa6 16. bxa6 Nb4 17. Be3 Nxd3 18. Ra1 fxg4 19. hxg4 Nc6 20. Qxd8 Rxd8 21. e5
d5 22. Bxc5 Nxc5 0-1

[Event "NJ Jeugd Bj"]
[Site "Assen"]
[Date "2017.04.24"]
[Round "3.4"]
[White "Baselmans, Luuk"]
[Black "Bekedam, Tyro"]
[Result "0-1"]
[WhiteElo "1838"]
[BlackElo "2004"]
[PlyCount "82"]
[EventDate "2017.??.??"]

1. e4 c6 2. d4 d5 3. exd5 cxd5 4. Bd3 Nf6 5. c3 Nc6 6. Bf4 Bg4 7. Nf3 e6 8.
Nbd2 Bd6 9. Bxd6 Qxd6 10. O-O O-O 11. Re1 Rab8 12. h3 Bh5 13. Qa4 Nd7 14. Rac1
Bg6 15. Bxg6 hxg6 16. a3 b5 17. Qc2 Rfc8 18. Qd3 Nb6 19. b4 Nc4 20. Nxc4 bxc4
21. Qc2 a5 22. Ra1 Rc7 23. Ra2 Ra7 24. Rea1 Qc7 25. g3 Qb6 26. Kf1 Rba8 27. Ke2
Qa6 28. b5 Qxb5 29. Rb1 Qa6 30. Rab2 Qc8 31. Qa4 Qd7 32. Kd2 Rc8 33. Rb5 f6 34.
Rc5 Rac7 35. Rbb5 Rb7 36. Kc2 Rcb8 37. Kc1 Nb4 38. Rxb7 Nd3+ 39. Kd2 Qxb7 40.
Rxa5 Qb2+ 41. Qc2 Qa1 0-1

[Event "NJ Jeugd Bj"]
[Site "Assen"]
[Date "2017.04.24"]
[Round "3.5"]
[White "Dijkhuis, Oele"]
[Black "Klein, Jorik"]
[Result "1-0"]
[WhiteElo "1944"]
[BlackElo "1905"]
[PlyCount "47"]
[EventDate "2017.??.??"]

1. e4 c5 2. Nf3 d6 3. d4 cxd4 4. Nxd4 Nf6 5. Nc3 a6 6. Be2 e6 7. O-O Be7 8. Qd3
O-O 9. Qg3 Ne8 10. f4 Bf6 11. Rd1 Qc7 12. Bf3 Bd7 13. Qf2 Nc6 14. Nde2 b5 15.
a3 Rc8 16. Be3 Qb7 17. Rd2 Be7 18. Rad1 Rd8 19. h4 Na5 20. b3 b4 21. axb4 Qxb4
22. Ra1 Rb8 23. Rd4 Qb6 24. Rda4 1-0

[Event "NJ Jeugd Bj"]
[Site "Assen"]
[Date "2017.04.24"]
[Round "3.6"]
[White "Omota, Vlad"]
[Black "Hubers, Daan"]
[Result "1-0"]
[WhiteElo "1895"]
[BlackElo "1402"]
[PlyCount "63"]
[EventDate "2017.??.??"]

1. e4 e6 2. d4 d5 3. exd5 exd5 4. Bd3 Bd6 5. Nc3 Nc6 6. Nge2 Be6 7. a3 Qd7 8.
Nb5 O-O-O 9. Nxd6+ Qxd6 10. Bf4 Qe7 11. O-O h5 12. Qd2 Nh6 13. b4 Nf5 14. Bxf5
Bxf5 15. b5 Nb8 16. Rfe1 f6 17. h3 g5 18. Bh2 h4 19. Ng3 Qh7 20. Nxf5 Qxf5 21.
Re7 Rd7 22. Rae1 g4 23. hxg4 Qxg4 24. Qc3 c6 25. bxc6 Nxc6 26. R7e6 Rg8 27.
Rxc6+ Rc7 28. Rxc7+ Kd8 29. Rc8+ Qxc8 30. Qa5+ b6 31. Qxd5+ Qd7 32. Qxg8+ 1-0

[Event "NJ Jeugd Bj"]
[Site "Assen"]
[Date "2017.04.24"]
[Round "3.7"]
[White "Ypma, Jord"]
[Black "Reichardt, Robin"]
[Result "1/2-1/2"]
[WhiteElo "1542"]
[BlackElo "1855"]
[PlyCount "85"]
[EventDate "2017.??.??"]

1. d4 d5 2. Bf4 Nf6 3. e3 c5 4. c3 Nc6 5. Nd2 Bf5 6. Ngf3 e6 7. Ne5 Nxe5 8.
Bxe5 Nd7 9. Nf3 a6 10. Bd3 Bxd3 11. Qxd3 Nxe5 12. Nxe5 Bd6 13. O-O O-O 14. Rfe1
f6 15. Nf3 f5 16. dxc5 Bxc5 17. c4 dxc4 18. Qxc4 Qe7 19. Nd4 Bxd4 20. exd4 Rfe8
21. d5 exd5 22. Qxd5+ Qf7 23. Qxf7+ Kxf7 24. f3 Rac8 25. Rxe8 Kxe8 26. Re1+ Kd7
27. Kf2 Kd6 28. Rd1+ Ke6 29. Rd2 Rc5 30. Ke3 g5 31. f4 h6 32. g3 Rc4 33. h3
gxf4+ 34. gxf4 Rc7 35. Rg2 Kf6 36. Kd3 Re7 37. Re2 Rxe2 38. Kxe2 Ke6 39. b4 Kd5
40. Kd3 b6 41. a4 b5 42. a5 h5 43. h4 1/2-1/2

[Event "NJ Jeugd Bj"]
[Site "Assen"]
[Date "2017.04.24"]
[Round "3.8"]
[White "Ten Have, Dimitri"]
[Black "Post, Jesper"]
[Result "0-1"]
[WhiteElo "1396"]
[BlackElo "1694"]
[PlyCount "46"]
[EventDate "2017.??.??"]

1. d4 Nf6 2. Nf3 g6 3. e3 Bg7 4. b3 c5 5. c3 O-O 6. Bd3 d5 7. Ne5 Nbd7 8. f4
Nxe5 9. fxe5 Ng4 10. O-O Qb6 11. Qf3 cxd4 12. cxd4 Nxe5 13. Qe2 Nxd3 14. Qxd3
Bd7 15. Nc3 Bf5 16. Qe2 Rfd8 17. Qf3 e5 18. Nxd5 Qd6 19. e4 Bxe4 20. Qxf7+ Kh8
21. Nc7 Qxd4+ 22. Kh1 Rf8 23. Qc4 Qxc4 0-1

[Event "NJ Jeugd Bj"]
[Site "Assen"]
[Date "2017.04.24"]
[Round "3.9"]
[White "Kanbier, Guy"]
[Black "Gijsen, William"]
[Result "0-1"]
[WhiteElo "1214"]
[BlackElo "1799"]
[PlyCount "147"]
[EventDate "2017.??.??"]

1. c4 g6 2. Nc3 Bg7 3. Nf3 c5 4. g3 Nc6 5. Bg2 Nf6 6. e3 d6 7. O-O O-O 8. Rb1
Bf5 9. d3 Qd7 10. a3 a5 11. Ra1 Bh3 12. Ng5 Bxg2 13. Kxg2 Rfd8 14. Nd5 Nxd5 15.
cxd5 Na7 16. Rb1 Nb5 17. Qa4 b6 18. Nf3 e6 19. dxe6 fxe6 20. Nd2 Qb7+ 21. Kg1
Nc7 22. Qg4 Qd5 23. d4 cxd4 24. exd4 Rf8 25. Ne4 Rf5 26. Be3 Nb5 27. Nc3 Nxc3
28. bxc3 b5 29. Qh4 Qc6 30. Rbc1 Re8 31. Rc2 Qc4 32. Rb2 Qxc3 33. Bc1 Qxd4 34.
Qh3 Rc8 35. Rd2 Qc5 36. Bb2 Bxb2 37. Rxb2 Rcf8 38. a4 bxa4 39. Rb7 h5 40. Kh1
Qd5+ 41. Qg2 Qxg2+ 42. Kxg2 R8f7 43. Rb8+ Kg7 44. Rb6 Rd5 45. Ra1 Rd2 46. Rxa4
Rfxf2+ 47. Kg1 Rg2+ 48. Kf1 Rxh2 49. Kg1 Rdg2+ 50. Kf1 Rb2 51. Rxb2 Rxb2 52.
Rxa5 Kf6 53. Kg1 d5 54. Kf1 g5 55. Ra6 d4 56. Ke1 Kf5 57. Ra5+ e5 58. Ra8 d3
59. Ra4 e4 60. Rd4 h4 61. gxh4 gxh4 62. Rd8 h3 63. Rf8+ Kg4 64. Rg8+ Kf3 65.
Rh8 h2 66. Kd1 Rb1+ 67. Kd2 h1=Q 68. Rf8+ Kg4 69. Rg8+ Kf5 70. Rf8+ Kg6 71. Ke3
Qh6+ 72. Rf4 Re1+ 73. Kf2 Qxf4+ 74. Kxe1 0-1

[Event "NJ Jeugd Bj"]
[Site "Assen"]
[Date "2017.04.24"]
[Round "3.10"]
[White "Emans, Job"]
[Black "Joosse, Xander"]
[Result "1-0"]
[WhiteElo "1734"]
[BlackElo "1167"]
[PlyCount "33"]
[EventDate "2017.??.??"]

1. e4 e5 2. Nf3 Nc6 3. d4 exd4 4. Bc4 f6 5. Nxd4 Nge7 6. O-O Nxd4 7. Qxd4 Nc6
8. Qd1 Bc5 9. Qh5+ g6 10. Qxc5 d6 11. Qd5 Qe7 12. Nc3 Bd7 13. Be3 O-O-O 14. Qd2
Ne5 15. Be2 g5 16. Nd5 Qg7 17. Qa5 1-0

[Event "NJ Jeugd Bj"]
[Site "Assen"]
[Date "2017.04.25"]
[Round "4.1"]
[White "Wedda, Dries"]
[Black "Van Randtwijk, Mick"]
[Result "1-0"]
[WhiteElo "2079"]
[BlackElo "2014"]
[PlyCount "53"]
[EventDate "2017.??.??"]

1. d4 Nf6 2. c4 e6 3. g3 Bb4+ 4. Bd2 a5 5. Bg2 O-O 6. e4 d6 7. Ne2 Nbd7 8. O-O
e5 9. Bg5 h6 10. Bxf6 Qxf6 11. a3 exd4 12. axb4 d3 13. Qxd3 Qxb2 14. Rxa5 Rxa5
15. bxa5 Ne5 16. Qd2 Nxc4 17. Qxb2 Nxb2 18. Rc1 c6 19. a6 bxa6 20. Rxc6 Rd8 21.
Nbc3 a5 22. Nd5 Be6 23. Ra6 a4 24. Nec3 Bxd5 25. exd5 Rc8 26. Nxa4 Rc1+ 27. Bf1
1-0

[Event "NJ Jeugd Bj"]
[Site "Assen"]
[Date "2017.04.25"]
[Round "4.2"]
[White "Bekedam, Tyro"]
[Black "Kouwenhoven, Derk"]
[Result "1/2-1/2"]
[WhiteElo "2004"]
[BlackElo "2077"]
[PlyCount "88"]
[EventDate "2017.??.??"]

1. e4 e5 2. Nf3 Nc6 3. Bb5 a6 4. Ba4 Nf6 5. d4 exd4 6. O-O d5 7. Nxd4 Bd7 8.
exd5 Nxd4 9. Qxd4 Bxa4 10. Qxa4+ b5 11. Qd4 Qxd5 12. Qe3+ Qe4 13. Nc3 Qxe3 14.
Bxe3 O-O-O 15. Rad1 Bb4 16. Bd4 Rhe8 17. Bxf6 gxf6 18. Nd5 Bc5 19. b4 Ba7 20.
Nf4 Rxd1 21. Rxd1 Re4 22. Nd3 Rc4 23. Rd2 Rc3 24. Nc1 c5 25. bxc5 Bxc5 26. Nb3
Bb4 27. Re2 a5 28. g3 a4 29. Nd4 Rc5 30. Re8+ Kd7 31. Rb8 Rc4 32. Nxb5 Rxc2 33.
Rb7+ Kc8 34. Rxf7 Rxa2 35. Rxf6 a3 36. Nxa3 Rxa3 37. Rf7 h6 38. Rf6 Bd2 39. f4
h5 40. Rf8+ Kd7 41. Rf5 Ra5 42. Rxa5 Bxa5 43. Kg2 Ke6 44. Kf3 Kf5 1/2-1/2

[Event "NJ Jeugd Bj"]
[Site "Assen"]
[Date "2017.04.25"]
[Round "4.3"]
[White "Tang, Charlie"]
[Black "Dijkhuis, Oele"]
[Result "1/2-1/2"]
[WhiteElo "2041"]
[BlackElo "1944"]
[PlyCount "95"]
[EventDate "2017.??.??"]

1. e4 c5 2. Nf3 d6 3. d4 cxd4 4. Nxd4 Nf6 5. Nc3 g6 6. Be3 Bg7 7. f3 O-O 8. Qd2
Nc6 9. Bc4 Bd7 10. O-O-O Rc8 11. Bb3 Nxd4 12. Bxd4 b5 13. e5 dxe5 14. Bxe5 Bc6
15. Qxd8 Rfxd8 16. a4 bxa4 17. Bxa4 Rxd1+ 18. Rxd1 Bxa4 19. Nxa4 e6 20. Nc3 a5
21. b3 Ng4 22. Bxg7 Kxg7 23. Ne4 Ne3 24. Rd2 e5 25. Nd6 Rc6 26. Nb7 a4 27. bxa4
Ra6 28. a5 Ra7 29. Nd6 Rxa5 30. Re2 Nf5 31. Nxf5+ gxf5 32. Kb2 Kf6 33. Kb3 Rb5+
34. Kc4 Rb8 35. Kd5 Rb4 36. c4 Rb3 37. c5 Rd3+ 38. Kc6 Ke6 39. Kb7 Rb3+ 40. Kc7
Rc3 41. c6 e4 42. fxe4 fxe4 43. Kb7 e3 44. Re1 Kd6 45. Rd1+ Ke6 46. c7 e2 47.
Re1 Kd7 48. Rxe2 1/2-1/2

[Event "NJ Jeugd Bj"]
[Site "Assen"]
[Date "2017.04.25"]
[Round "4.4"]
[White "Kokje, Joris"]
[Black "Omota, Vlad"]
[Result "1-0"]
[WhiteElo "2187"]
[BlackElo "1895"]
[PlyCount "44"]
[EventDate "2017.??.??"]

1. d4 e6 2. c4 d5 3. Nf3 c6 4. e3 f5 5. Bd3 Nf6 6. O-O Bd6 7. b3 Qe7 8. Bb2 O-O
9. Nc3 Nbd7 10. Rc1 Ne4 11. Ne2 g5 12. Ne5 Nef6 13. Ng3 Bb8 14. Qe2 Nxe5 15.
dxe5 Ng4 16. cxd5 cxd5 17. e4 Bxe5 18. Bxe5 Nxe5 19. exd5 Nxd3 20. Qxd3 exd5
21. Qxd5+ Qf7 22. Qd6 Qe6 1-0

[Event "NJ Jeugd Bj"]
[Site "Assen"]
[Date "2017.04.25"]
[Round "4.5"]
[White "Post, Jesper"]
[Black "Nguyen, Kevin"]
[Result "0-1"]
[WhiteElo "1694"]
[BlackElo "2143"]
[PlyCount "68"]
[EventDate "2017.??.??"]

1. d4 Nf6 2. c4 g6 3. Nc3 Bg7 4. e4 d6 5. Nf3 O-O 6. Be2 c5 7. O-O Nc6 8. d5
Na5 9. Bg5 h6 10. Bh4 e5 11. Nd2 Qe7 12. a3 b6 13. b4 Nb7 14. Qc2 g5 15. Bg3 h5
16. h4 Ng4 17. hxg5 Qxg5 18. f4 exf4 19. Bxg4 fxg3 20. Bxc8 Raxc8 21. Rf3 Qh4
22. Nf1 Bd4+ 23. Re3 Bxe3+ 24. Nxe3 cxb4 25. axb4 Qh2+ 26. Kf1 f5 27. Nxf5
Rxf5+ 28. exf5 Qh1+ 29. Ke2 Re8+ 30. Kf3 Qxa1 31. f6 Qf1+ 32. Kxg3 Re3+ 33. Kh2
Qf4+ 34. Kg1 Re1# 0-1